|
|
|
|
| LEADER |
03686nam a22005535i 4500 |
| 001 |
978-3-540-75211-0 |
| 003 |
DE-He213 |
| 005 |
20151204153844.0 |
| 007 |
cr nn 008mamaa |
| 008 |
100301s2007 gw | s |||| 0|eng d |
| 020 |
|
|
|a 9783540752110
|9 978-3-540-75211-0
|
| 024 |
7 |
|
|a 10.1007/978-3-540-75211-0
|2 doi
|
| 040 |
|
|
|d GrThAP
|
| 050 |
|
4 |
|a QA75.5-76.95
|
| 072 |
|
7 |
|a UY
|2 bicssc
|
| 072 |
|
7 |
|a UYA
|2 bicssc
|
| 072 |
|
7 |
|a COM014000
|2 bisacsh
|
| 072 |
|
7 |
|a COM031000
|2 bisacsh
|
| 082 |
0 |
4 |
|a 004.0151
|2 23
|
| 245 |
1 |
0 |
|a Formal Methods and Stochastic Models for Performance Evaluation
|h [electronic resource] :
|b Fourth European Performance Engineering Workshop, EPEW 2007, Berlin, Germany, September 27-28, 2007. Proceedings /
|c edited by Katinka Wolter.
|
| 264 |
|
1 |
|a Berlin, Heidelberg :
|b Springer Berlin Heidelberg,
|c 2007.
|
| 300 |
|
|
|a X, 304 p.
|b online resource.
|
| 336 |
|
|
|a text
|b txt
|2 rdacontent
|
| 337 |
|
|
|a computer
|b c
|2 rdamedia
|
| 338 |
|
|
|a online resource
|b cr
|2 rdacarrier
|
| 347 |
|
|
|a text file
|b PDF
|2 rda
|
| 490 |
1 |
|
|a Lecture Notes in Computer Science,
|x 0302-9743 ;
|v 4748
|
| 505 |
0 |
|
|a Keynote -- Optimization Problems in Service Provisioning Systems -- Markov Chains -- Untold Horrors About Steady-State Probabilities: What Reward-Based Measures Won’t Tell About the Equilibrium Distribution -- Compositionality for Markov Reward Chains with Fast Transitions -- Closed Form Absorption Time Bounds -- A Canonical Representation of Order 3 Phase Type Distributions -- Process Algebras and State Machines -- SPAMR: Extending PAMR with Stochastic Time -- Faster SPDL Model Checking Through Property-Driven State Space Generation -- Testing Finite State Machines Presenting Stochastic Time and Timeouts -- Grid and Peer-to-Peer Systems -- Evaluation of P2P Search Algorithms for Discovering Trust Paths -- Building Online Performance Models of Grid Middleware with Fine-Grained Load-Balancing: A Globus Toolkit Case Study -- Performance Measuring Framework for Grid Market Middleware -- Queueing Theory and Applications of Queueing -- A Fixed-Point Algorithm for Closed Queueing Networks -- A Framework for Automated Generation of Architectural Feedback from Software Performance Analysis -- Optimal Dynamic Server Allocation in Systems with On/Off Sources -- Towards an Automatic Modeling Tool for Observed System Behavior -- Benchmarking and Bounding -- Censoring Markov Chains and Stochastic Bounds -- Workload Characterization of the SPECjms2007 Benchmark -- Resource Sharing in Performance Models -- Exploiting Commodity Hard-Disk Geometry to Efficiently Preserve Data Consistency -- Wireless Networks -- An Efficient Counter-Based Broadcast Scheme for Mobile Ad Hoc Networks -- The Effect of Mobility on Local Service Discovery in the Ahoy Ad-Hoc Network System.
|
| 650 |
|
0 |
|a Computer science.
|
| 650 |
|
0 |
|a Computer communication systems.
|
| 650 |
|
0 |
|a Computer system failures.
|
| 650 |
|
0 |
|a Software engineering.
|
| 650 |
|
0 |
|a Computers.
|
| 650 |
|
0 |
|a Computer logic.
|
| 650 |
1 |
4 |
|a Computer Science.
|
| 650 |
2 |
4 |
|a Theory of Computation.
|
| 650 |
2 |
4 |
|a Software Engineering.
|
| 650 |
2 |
4 |
|a System Performance and Evaluation.
|
| 650 |
2 |
4 |
|a Computer Communication Networks.
|
| 650 |
2 |
4 |
|a Logics and Meanings of Programs.
|
| 700 |
1 |
|
|a Wolter, Katinka.
|e editor.
|
| 710 |
2 |
|
|a SpringerLink (Online service)
|
| 773 |
0 |
|
|t Springer eBooks
|
| 776 |
0 |
8 |
|i Printed edition:
|z 9783540752103
|
| 830 |
|
0 |
|a Lecture Notes in Computer Science,
|x 0302-9743 ;
|v 4748
|
| 856 |
4 |
0 |
|u http://dx.doi.org/10.1007/978-3-540-75211-0
|z Full Text via HEAL-Link
|
| 912 |
|
|
|a ZDB-2-SCS
|
| 912 |
|
|
|a ZDB-2-LNC
|
| 950 |
|
|
|a Computer Science (Springer-11645)
|